| 000 | 00831 a2200193 4500 | ||
|---|---|---|---|
| 003 | NUST | ||
| 005 | 20251124123508.0 | ||
| 040 | _cNust | ||
| 082 | _a621.382,KHA | ||
| 100 |
_aKhawar , NC Farhan (TCC-17 B) _9132009 |
||
| 245 |
_aPerformance analysis of MIMO detection using the sphere decoder and its variants / _cNC Farhan Khawar, NC Momin Shahab, Sania Riaz and GC Muhammad Azeem Zafar. |
||
| 260 |
_aRawalpindi _bMCS (NUST) _c2009 |
||
| 300 | _a83 p.; | ||
| 505 | _aIntroduction (Page-1), MIMO Detection Strategies (PAge-7), Sphere Decoders (Page-16), MIMO Detection (Page-40), Simulation Results, Analysis and Implementation (Page-54), Conclusion and Future Works (Page-72). | ||
| 650 |
_aUG Projects _998716 |
||
| 651 |
_aTCC-17 _9132010 |
||
| 700 |
_aSupervised by Maj Dr. Adnan Ahmed Khan _9132011 |
||
| 942 |
_cPR _2ddc |
||
| 999 |
_c184055 _d184055 |
||